Adult education and training in Europe: widening access to learning opportunities Eurydice report

Saved in:
Bibliographic Details
Corporate Author: European Commission
Format: Book
Language:English
Published: Luxembourg Publications Office of the European Union 2015
Series:Education and training
Subjects:
Tags: Add Tag
No Tags, Be the first to tag this record!

MARC

LEADER 00000nam a2200000 4500
001 0209846
005 20240314122702.8
020 |a 978-92-9201-664-7 
041 0 |a eng 
044 |a LU 
245 1 0 |a Adult education and training in Europe: widening access to learning opportunities  |b Eurydice report 
264 1 |a Luxembourg  |b Publications Office of the European Union  |c 2015 
300 |a 160 s. 
490 1 |a Education and training 
830 0 |a Education and training 
610 2 0 |a vzdelávanie dospelých 
610 2 0 |a vzdelávanie celoživotné 
610 2 0 |a kapitál ľudský 
610 2 0 |a Európska únia 
710 2 |a European Commission